| 000 | 00791nam a2200265 a 4500 | ||
|---|---|---|---|
| 003 | DO-SdBNP | ||
| 005 | 20230315112919.0 | ||
| 007 | ta | ||
| 008 | 230221t19821993|||||||gr|||| 001 fdspa d | ||
| 020 | _a8447301257 | ||
| 040 |
_aDO-SdBNP _bspa _cBNPHU |
||
| 082 | 4 |
_aCh863.44 _bA432ca _222 |
|
| 100 | 1 |
_4Allende, Isabel, _d1942- _983143 |
|
| 245 | 1 | 3 |
_aLa casa de los espíritus / _cIsabel Allende |
| 264 |
_aBarcelona : _bRBA, _c1993 |
||
| 300 |
_a447 p. ; _c21 cm. |
||
| 490 | 0 |
_aNarrativa actual ; _v6 |
|
| 490 | 0 | _aAutores de Lengua Española | |
| 500 | _aIncluye datos biográficos de la autora : p.4 | ||
| 590 | _aInventariado 2023 / MF | ||
| 650 | 4 |
_aNovela chilena _93163 |
|
| 650 | 4 |
_aLiteratura chilena _93164 |
|
| 910 | _aValidado. Control de calidad MFF | ||
| 942 |
_2ddc _cLBS1 |
||
| 999 |
_c53134 _d53134 |
||